000 00616nam a22001937a 4500
005 20150421111336.0
010 _aENG-112303
020 _a9781138795976
_c750.00
035 _aEN-95835
037 _bDBAD/PUB
082 _a613.7046
245 _aHealing across boundaries :
_bbio-medicine and alternative therapeutics /
_cedited by Makarand R. Paranjape
260 _aNew Delhi
_bRoutledge
_c2014
270 _a912,Tolstoy House, 15-17 Tolstoy Marg, Connaught Place
_bNew Delhi
_e110001
300 _axxv,242p.
_c22cm(Hb)
500 _aIncludes index
700 _aParanjape, Makarand R.
942 _2ddc
_cEN
_mHEA
999 _c91965
_d91965